Annual Survey of South African Law (Record no. 2060)

MARC details
000 -LEADER
fixed length control field 00453nam a22001577a 4500
005 - DATE AND TIME OF INPUT
control field 20240701141528.0
008 - DATA ELEMENTS--GENERAL INFORMATION
fixed length control field 240701b |||||||| |||| 00| 0 eng d
041 ## - LANGUAGE CODE
Language code of text English
082 ## - SHELF NUMBER
DDC number 349 ANN
100 ## - MAIN AUTHOR
Language of a work English
245 ## - TITLE STATEMENT
Title Annual Survey of South African Law
260 ## - PUBLICATION, DISTRIBUTION, ETC.
Place of publication, distribution, etc. Cape Town:
Name of publisher, distributor, etc. Juta and Company Ltd,
Date of publication, distribution, etc. 1986
300 ## - PHYSICAL DESCRIPTION
Other physical details xliv, 613 pages;
Dimensions 23 cm.
650 ## - SUBJECT`
Broad subject Legal practice
Own subject terms Law
942 ## - ADDED ENTRY ELEMENTS (KOHA)
Item type Books
942 ## - ADDED ENTRY ELEMENTS (KOHA)
-- ALISON_BN_VRIES
Holdings
Source of classification or shelving scheme Not for loan Collection code Home library Current library Shelving location Date acquired Full call number Barcode Price effective from Koha item type
Dewey Decimal Classification   ANNUAL SURVEY OF SOUTH AFRICAN LAW LAW SOCIETY OF NAMIBIA LIBRARY - WINDHOEK LAW SOCIETY OF NAMIBIA LIBRARY - WINDHOEK Annual survey of South African law 07/01/2024 349 ANN LSN/2023/2671 07/01/2024 Books